000 00769nam a2200229Ia 4500
003 OSt
005 20260122152542.0
008 210716s2004 xx 000 0 und d
020 _a9780070597105
040 _cAIMIT LIBRARY
041 _aeng
082 _a657.3
_bBERL
100 _aBernstein, Leopold A.
_9252240
245 _aAnalysis of financial statements /
_cBy Leopold A. Bernstein and John J. Wild.
250 _a5th ed.
260 _aNew Delhi :
_bTata McGraw Hill Education Private Limited ,
_c2004.
300 _axxix,367,CC52,A52 p.;
_bHB
_c24.5 cm.
650 _aOverview of financial statements analysis
_9252241
650 _aAnalysis objectives and Financial reporting
_9252242
700 _aWild, John J.
_9252243
942 _2ddc
_cBK
_k657.3 BERL
999 _c181440
_d181440